Paroles _ Seul sur ton tandem de VOYOU - Statistiques

Statistiques générales
  • Ce quiz a été pris 14 fois
  • Le résultat moyen est 264 sur 368
Statistiques - réponses
Hint Réponse % Correct
à
100%
A
100%
Couplet 1 | Couplet 3 Et
100%
et
100%
pour
100%
Pour
100%
que
100%
Que
100%
se
100%
bien
88%
de
88%
en
88%
jamais
88%
la
88%
La
88%
rien
88%
ses
88%
Te
88%
Toi
88%
toi
88%
tu
88%
Couplet 2 Tu
88%
vous
88%
Au-
75%
au
75%
avec
75%
ça
75%
c'est
75%
C'est
75%
dans
75%
des
75%
deux
75%
est
75%
J'ai
75%
je
75%
le
75%
les
75%
mais
75%
mal
75%
partis
75%
pas
75%
pédaler
75%
plus
75%
pourvu
75%
qui
75%
Qui
75%
roule
75%
seul
75%
si
75%
sous
75%
sur
75%
tandem
75%
tes
75%
tête
75%
ton
75%
Ton
75%
Tous
75%
tous
75%
Tout
75%
tout
75%
un
75%
Un
75%
une
75%
Va
75%
va
75%
vas
75%
voilà
75%
arrête
63%
avancer
63%
bout
63%
Car
63%
coeur
63%
croulez
63%
dettes
63%
du
63%
envier
63%
eux
63%
faire
63%
l'âme
63%
L'âme
63%
l'amour
63%
L'autre
63%
mieux
63%
n'vous
63%
ou
63%
peu
63%
Refrain Pourtant
63%
Puis
63%
quand
63%
qu'elles
63%
roue
63%
roulez
63%
s'en
63%
tourne
63%
vois
63%
y
63%
armées
50%
athlète
50%
bientôt
50%
causette
50%
chantant
50%
chercher
50%
continuer
50%
dérailler
50%
déscente
50%
dessus
50%
distraites
50%
dos
50%
épaule
50%
fantôme
50%
fête
50%
fort
50%
franchis
50%
gambettes
50%
joindre
50%
m'arrête
50%
même
50%
mirettes
50%
montée
50%
pâquerettes
50%
peine
50%
pente
50%
plaine
50%
pouvoir
50%
raccourci
50%
roules
50%
route
50%
s'écroule
50%
souvent
50%
tombe
50%
tombé
50%
traîner
50%
trainer
50%
trouve
50%
trouvent
50%
tue-
50%
veine
50%
verras
50%
viendra
50%
voir
50%
cherchent
38%
donc
38%
filer
38%
n'avoir
38%
partout
38%
personne
38%
pied
38%
s'ennuie
38%
vont
38%
martyre
25%
parfois
25%
pleure
25%
Aucun quiz correspondant
Distribution des résultats
% des personnes avec chaque résultat
Percentile par nombre de réponses
Votre historique - résultats
Vous n’avez pas pris ce quiz